000
00378nam a2200133Ia 4500
008
151001s9999||||xx |||||||||||||| ||und||
100
_a
अलि सलीम
245
_a
एक गौरैया का गिरणा
250
_a
1
260
_b
नशनल बुक ट्रस्ट मुंबई
260
_c
2004
300
_a
10
365
_b
21
999
_c
985929
_d
985926